000 00538nam a22001937a 4500
999 _c1677
_d1677
003 URS
005 20220114141818.0
008 200120s2006 ph a|||| |||| 00| 0 eng d
020 _a9719307595
040 _cURS
_beng
_drda
050 1 4 _aQA 76.76
_b.A5526 2006
100 _aAndes, Antonio M.
245 1 0 _aSimple internet
_cAntonio M. Andes
260 _aLegaspi City:
_bConverge Link Books Corporation;
_c[2006]
300 _avii 213 pages
_bwith illustration
_c25 cm
504 _aIncludes Index
650 _aInternet
942 _cF
_2lcc